000 00303nam a2200121Ia 4500
008 190216s9999||||xx |||||||||||||| ||und||
100 _aRajagopalan.R
245 0 _aSecond Book On Computer Science
260 _bTata Mcgraw Hill Publishing Company Ltd
300 _a83
650 _aComputer
942 _cBK
999 _c8448
_d8448